LEADER 05525nam 2200697 a 450 001 9910144117803321 005 20170810183342.0 010 $a3-527-66015-1 010 $a1-281-94677-X 010 $a9786611946777 010 $a3-527-62222-5 010 $a3-527-62223-3 035 $a(CKB)1000000000549416 035 $a(EBL)481696 035 $a(OCoLC)277251083 035 $a(SSID)ssj0000329856 035 $a(PQKBManifestationID)11245415 035 $a(PQKBTitleCode)TC0000329856 035 $a(PQKBWorkID)10316759 035 $a(PQKB)11316904 035 $a(MiAaPQ)EBC481696 035 $a(EXLCZ)991000000000549416 100 $a20130225d2008 uy 0 101 0 $ager 135 $aur|n|---||||| 181 $ctxt 182 $cc 183 $acr 200 00$aChromatogramme richtig integrieren und bewerten$b[electronic resource] $eein Praxishandbuch fu?r die HPLC und GC /$fherausgegeben von Stavros Kromidas und Hans-Joachim Kuss 210 $aWeinheim $cWiley-VCH Verlag GmbH & Co. KGaA$d2008 215 $a1 online resource (422 p.) 300 $aDescription based upon print version of record. 311 $a3-527-31774-0 320 $aIncludes bibliographical references and index. 327 $aChromatogramme richtig integrieren und bewerten; Inhaltsverzeichnis; Vorwort; Autorenliste; Zum Aufbau des Buches; Teil I Auswertung in der Chromatographie - die Integration; 1 Das Chromatogramm; 1.1 Chromatographischer Prozess; 1.1.1 Selektivita?t und Effizienz - Maß fu?r die unterschiedliche Wanderungsgeschwindigkeit; 1.2 Chromatographische Kenngro?ßen; 1.2.1 Retentionsgro?ßen; 1.2.1.1 Totzeit (t(m); t(0)); 1.2.1.2 Bruttoretentionszeit (t(ms); t(R)); 1.2.1.3 Nettoretentionszeit (t(s)); 1.2.1.4 Retentionsfaktor oder Kapazita?tsfaktor (k; k ?); 1.2.2 Peak-Ausdehnung und Peakform 327 $a1.2.2.1 Basispeakbreite (w(b))1.2.2.2 Peakbreite in halber Ho?he (w(h)); 1.2.2.3 Peakho?he (h); 1.2.2.4 Peaksymmetrie, Tailingfaktor (T); 1.2.3 Auflo?sungsgro?ßen; 1.2.3.1 Die Auflo?sung (R); 1.2.3.2 Quantitative Gro?ße der Selektivita?t; 1.2.3.3 Quantitative Gro?ßen fu?r die Effizienz der Trennsa?ule; 1.2.4 Bestimmung von kleinen Substanzmengen; 1.2.4.1 Ermitteln der Nachweis-, Erfassungs-, Entscheidungs- und Bestimmungsgrenze; 1.3 van Deemter- und Golay-Gleichung; 1.4 Erzeugen von Chromatogrammen; 1.4.1 Datenaufnahme, Erzeugen der Rohdaten; 1.4.1.1 Bei der Datenaufnahme verwendete Parameter 327 $a1.4.1.2 Beispiele der unterschiedlichen Art der Datenaufnahme1.4.1.3 Innere/a?ußere Chromatogramme; 1.4.1.4 2-D-/3-D-Chromatogramme; 1.4.2 Charakterisierung von Detektoren; 1.4.2.1 Zersto?rend/nicht zersto?rend; 1.4.2.2 Selektiv, spezifisch, universell; 1.4.2.3 Konzentrations- und massenstromabha?ngige Detektoren; 1.4.2.4 Detektorempfindlichkeit; 1.4.2.5 Linearer und dynamischer Bereich; 1.4.2.6 Ansprechzeit, Zeitkonstante; 1.5 Integration; 1.5.1 Integration anschaulich; 1.5.1.1 Methoden zur Peakerkennung; 1.5.2 Integration und Integrationsparameter, Beispiele 327 $a1.5.2.1 Datenaufnahme und -integration mit Empower 21.5.2.2 Datenaufnahme und -integration mit Chromeleon; 1.5.2.3 Datenaufnahme und -integration mit EZChrom Elite; 1.5.2.4 Datenaufnahme und -integration mit ChemStation; 1.5.2.5 Vergleich der wichtigsten Integrationsparameter von vier unterschiedlichen Integrationsprogrammen; Anhang: Experimente zur Optimierung der Zeitkonstante/Datensammelrate; Literatur; 2 Integrationsfehler und Auswertung; 2.1 Was sagt die Literatur u?ber Integrationsfehler?; 2.2 Integration in der ta?glichen Praxis; 2.2.1 Integration - einfach und immer gleich? 327 $a2.2.2 Vergleich von Integrationssystemen mit wenigen großen Peaks2.2.3 Vergleich von Integrationssystemen mit vielen kleinen Peaks; 2.3 Chromatogramm-Simulation; 2.3.1 Simulation eines digitalen Chromatogramms; 2.3.2 Ein Peak; 2.3.3 Mehrere Peaks; 2.3.4 Rauschen; 2.3.5 Drift; 2.3.6 Gaschromatogramm; 2.3.7 Verschmolzene Peaks; 2.3.8 Datenpunktabstand; 2.3.9 Tailing; 2.3.10 Peakfla?che und Peakho?he; 2.3.11 Andere Kenngro?ßen; 2.4 Anwendungen der Simulation; 2.4.1 Simulation einer Kalibriergeraden; 2.4.2 Zehnfache Simulation an der Bestimmungsgrenze 327 $a2.4.3 Simulation eines isokratischen Chromatogramms 330 $aStavros Kromidas und Hans-Joachim Kuss schließen mit ihrem Autorenteam aus erfahrenen Experten eine wichtige Lu?cke in der Analytik-Literatur: Sie stellen pra?gnant und nachvollziehbar den Weg von den Rohdaten zum bewerteten Ergebnis vor. Das ist besonders wichtig fu?r gesetzlich relevante Messungen, z. B. in der Pharma- und Nahrungsmittelanalytik, denn wer hier Fehler macht, erzeugt trotz korrekter Messdaten falsche Informationen. Und auf die gebra?uchlichen Auswerteprogramme ist nicht immer Verlass. 606 $aChromatographic analysis 606 $aHigh performance liquid chromatography 606 $aGas chromatography 608 $aElectronic books. 615 0$aChromatographic analysis. 615 0$aHigh performance liquid chromatography. 615 0$aGas chromatography. 676 $a543.0894 676 $a543.8 676 $a543.84 676 $a544.92 701 $aKromidas$b Stavros$0878029 701 $aKuss$b Hans-Joachim$0953861 801 0$bMiAaPQ 801 1$bMiAaPQ 801 2$bMiAaPQ 906 $aBOOK 912 $a9910144117803321 996 $aChromatogramme richtig integrieren und bewerten$92156812 997 $aUNINA LEADER 01152cam a22003134a 4500 001 991000406779707536 008 091015s2008 ne a b 001 0 eng d 020 $a9781402084904 020 $a9781402084911 (e-book) 035 $ab13852462-39ule_inst 040 $aDip.to Fisica$beng 082 00$a518/.6$222 084 $aLC QC20.7.D5 084 $a510.53 100 1 $aConte, Robert$0383902 245 14$aThe Painlevé handbook /$cRobert Conte, Micheline Musette 260 $aDordrecht :$bSpringer,$cc2008 300 $axxiii, 256 p. :$bill. ;$c24 cm 500 $a"ISSN 1860-0832"--T.p. verso 504 $aIncludes bibliographical references (p. 234-252) and index 650 0$aPainlevé equations 650 0$aMathematical physics 700 1 $aMusette, Micheline$eauthor$4http://id.loc.gov/vocabulary/relators/aut$0731201 907 $a.b13852462$b02-04-14$c15-10-09 912 $a991000406779707536 945 $aLE006 510:53 CON$g1$i2006000163460$lle006$op$pE83.15$q-$rl$s- $t0$u3$v11$w3$x0$y.i15015531$z15-10-09 996 $aPainlevé handbook$91440415 997 $aUNISALENTO 998 $ale006$b15-10-09$cm$da $e-$feng$gne $h4$i0 LEADER 02280nam 2200589 450 001 9910825781303321 005 20230120064949.0 010 $a1-315-54713-9 010 $a1-134-76736-6 010 $a1-134-76729-3 010 $a1-4094-4942-4 035 $a(CKB)2670000000369335 035 $a(EBL)1217949 035 $a(SSID)ssj0000886875 035 $a(PQKBManifestationID)12400829 035 $a(PQKBTitleCode)TC0000886875 035 $a(PQKBWorkID)10854438 035 $a(PQKB)10493160 035 $a(Au-PeEL)EBL4406269 035 $a(CaPaEBR)ebr11506103 035 $a(OCoLC)1022784615 035 $a(MiAaPQ)EBC4406269 035 $a(MiAaPQ)EBC1217949 035 $a(EXLCZ)992670000000369335 100 $a20180222h20162013 uy 0 101 0 $aeng 135 $aur|n|---||||| 181 $ctxt 182 $cc 183 $acr 200 10$aWilliam Maginn and the British press $ea critical biography /$fDavid E. Latane? 210 1$aLondon, England ;$aNew York, New York :$cRoutledge,$d2016. 210 4$d©2013 215 $a1 online resource (379 p.) 300 $aDescription based upon print version of record. 311 $a1-4094-4941-6 320 $aIncludes bibliographical references and index. 327 $apt. 1. 1794-1823 -- pt. 2. 1824-1829 -- pt. 3. 1830-1835 -- pt. 4. 1836-1842. 330 $aThe first scholarly treatment of the life of William Maginn, David Latane?'s meticulously researched biography follows Maginn's life from his early days in Ireland through his career in Paris and London as political journalist, editor and writer and finally to his sad decline and incarceration in debtor's prison. His book is essential reading for nineteenth-century scholars, historians of the book and periodical, and anyone interested in questions of authorship in the period. 606 $aAuthors, English$y19th century$vBiography 606 $aJournalists$zGreat Britain$vBiography 615 0$aAuthors, English 615 0$aJournalists 676 $a828.709 700 $aLatane?$b David E.$01630148 801 0$bMiAaPQ 801 1$bMiAaPQ 801 2$bMiAaPQ 906 $aBOOK 912 $a9910825781303321 996 $aWilliam Maginn and the British press$93968279 997 $aUNINA